L'Evangile expliqué, defendu, medite ou exposition exegetique, et homiletique de la vie de Notre Seigneur Jesús-Christ

Gorde:
Xehetasun bibliografikoak
Egile nagusia: Dehaut (Egilea)
Formatua: Liburua
Hizkuntza:frantsesa
Argitaratua: París P. Lethielleux 1904
Edizioa:1a. ed
Gaiak:
Etiketak: Etiketa erantsi
Etiketarik gabe, Izan zaitez lehena erregistro honi etiketa jartzen!

MARC

LEADER 00000cam a2200000 a 4500
001 UCD1676
003 CL-VaPUC
008 160324e19040000fr |||||||||||||||||fre|d
082 0 4 |a 226.5  |b DEH  |2 21 
100 0 |a Dehaut  |e author  |9 584821 
245 1 2 |a L'Evangile expliqué, defendu, medite ou exposition exegetique, et homiletique de la vie de Notre Seigneur Jesús-Christ 
250 |a 1a. ed 
300 |a t 
942 |c BK 
945 |d 20160324 12:59:00  |a dcastane 
260 |a París  |b P. Lethielleux  |c 1904 
600 0 |a Jesucristo  |9 481811 
650 7 |a EVANGELIO  |2 CL-VaPUC  |9 368586 
650 0 |a Teología   |9 258766 
650 0 |a Vida de Jesús  |9 478097 
583 |a last modification  |c 20160324 12:59:00  |k Rodrigo Vera 
999 |c 362947  |d 362945 
952 |0 0  |1 0  |3 erd  |4 0  |6 226_500000000000000_DEH_1904  |7 0  |8 X  |9 474578  |a BIBTEO  |b BIBTEO  |c TEO_FFR  |h t.2  |i 5278228  |o 226.5 DEH 1904  |p 5278228  |r 2024-01-18  |w 2019-11-24  |y BK_X  |z Catalogado en:20160324  |k ICR 
952 |0 0  |1 0  |3 erd  |4 0  |6 226_500000000000000_DEH_1904  |7 0  |8 X  |9 474579  |a BIBTEO  |b BIBTEO  |c TEO_FFR  |h t.4  |i 5278236  |o 226.5 DEH 1904  |p 5278236  |r 2024-01-18  |w 2019-11-24  |y BK_X  |z Catalogado en:20160324  |k ICR 
952 |0 0  |1 0  |3 erd  |4 0  |6 226_500000000000000_DEH_1904  |7 0  |8 X  |9 474580  |a BIBTEO  |b BIBTEO  |c TEO_FFR  |h t.4  |i 5228638  |o 226.5 DEH 1904  |p 5228638  |r 2024-01-18  |w 2019-11-24  |y BK_X  |z Catalogado en:20160428  |k OFM